000 00506nam a2200193Ia 4500
005 20250923150349.0
008 008 250917s9999 xx 000 0 eng d
037 _aTextual
040 _aDSWL
_beng
_cDSWL
041 _aeng
_2eng
084 _aYX:f, P5
_qDSWL
245 0 _aQualitative research practice
_cEd.by Clive Seale
260 _aNew Delhi
_b Sage Pub.
_c2005
300 _a620 p.
365 _aGBP
_b100
925 _g100
942 _cTEXL
_hYX:f, P5
999 _c1462658
_d1462658